Plumb-Plomo

সংরক্ষণ করুন:
গ্রন্থ-পঞ্জীর বিবরন
প্রধান লেখক: Bacovia, George
বিন্যাস: গ্রন্থ
ভাষা:Undetermined
প্রকাশিত: Bucarest, Rumania Minerva 1974
বিষয়গুলি:
ট্যাগগুলো: ট্যাগ যুক্ত করুন
কোনো ট্যাগ নেই, প্রথমজন হিসাবে ট্যাগ করুন!

MARC

LEADER 00000nam a2200000Ia 4500
008 170316s9999 xx 000 0 und d
040 |a cru BVZT 
090 |a 859 B-1p 
100 |a Bacovia, George 
245 |a Plumb-Plomo 
260 |a Bucarest, Rumania 
260 |b Minerva 
260 |c 1974 
300 |a 223 páginas 
650 |a LITERATURA RUMANA 
999 |c 8236  |d 8236 
942 |c 15 D  |h 859 B-1p  |2 z